Developments in applied spectroscopy (Record no. 2992)

MARC details
000 -LEADER
fixed length control field 00678nam a2200205Ia 4500
003 - CONTROL NUMBER IDENTIFIER
control field IN-BaIIA
008 - FIXED-LENGTH DATA ELEMENTS--GENERAL INFORMATION
fixed length control field 211028s9999 xx 000 0 eng d
040 ## - CATALOGING SOURCE
Transcribing agency IIA Library
080 ## - UNIVERSAL DECIMAL CLASSIFICATION NUMBER
Universal Decimal Classification number 047.1:533.33
Item number DEV-5
245 #0 - TITLE STATEMENT
Title Developments in applied spectroscopy
Remainder of title vol. 5
Statement of responsibility, etc. edited by L. R. Pearson and Crove E. L.
260 ## - PUBLICATION, DISTRIBUTION, ETC.
Place of publication, distribution, etc. New York
Name of publisher, distributor, etc. PLenum Press
Date of publication, distribution, etc. 1966
300 ## - PHYSICAL DESCRIPTION
Extent x, 408p.
650 ## - SUBJECT ADDED ENTRY--TOPICAL TERM
Topical term or geographic name entry element Absoption spectroscopy
9 (RLIN) 5320
650 ## - SUBJECT ADDED ENTRY--TOPICAL TERM
Topical term or geographic name entry element Astronomy and astrophysics Thesaurus
650 ## - SUBJECT ADDED ENTRY--TOPICAL TERM
Topical term or geographic name entry element Optical spectroscopy
9 (RLIN) 5321
650 ## - SUBJECT ADDED ENTRY--TOPICAL TERM
Topical term or geographic name entry element Spectroscopy
9 (RLIN) 1535
700 ## - ADDED ENTRY--PERSONAL NAME
Personal name Crove E. L., ed.
9 (RLIN) 5322
700 ## - ADDED ENTRY--PERSONAL NAME
Personal name Pearson, L. R., ed.
9 (RLIN) 5323
942 ## - ADDED ENTRY ELEMENTS (KOHA)
Koha item type Books
Holdings
Withdrawn status Lost status Damaged status Not for loan Home library Current library Shelving location Date acquired Cost, normal purchase price Total Checkouts Full call number Barcode Date last seen Cost, replacement price Price effective from Koha item type Purchase Price
        IIA Library-Bangalore IIA Library-Bangalore General Stacks 21/11/1967 137.38   047.1:533.33/ DEV-5 3323 05/11/2021 137.38 21/11/1967 Books Rs. 137.38

Powered by Koha